[Event "DEN-chT 1920 58th"]
[Site "Denmark"]
[Date "2020.09.05"]
[Round "8.2"]
[White "Hansen, Sune Berg"]
[Black "Glud, Jakob Vang"]
[Result "1-0"]
[WhiteElo "2574"]
[BlackElo "2550"]
[PlyCount "55"]
[EventDate "2019.11.23"]
[EventType "team-tourn"]
[EventRounds "9"]
[EventCountry "DEN"]
[SourceTitle "EXT 2021"]
[Source "ChessBase"]
[SourceDate "2020.10.23"]
[SourceVersion "1"]
[SourceVersionDate "2020.10.23"]
[SourceQuality "1"]
[WhiteTeam "Hillerod"]
[BlackTeam "Aarhus/Skolerne"]
[WhiteTeamCountry "DEN"]
[BlackTeamCountry "DEN"]

1. e4 e5 2. Nf3 Nc6 3. d4 exd4 4. Nxd4 Bb4+ 5. c3 Bc5 6. Nxc6 bxc6 7. Bd3 d6 8. Nd2 Nf6 9. 0-0 a5 10. Nb3 Bb6 11. Nd4 Bd7 12. h3 h6 13. Qf3 0-0 14. Re1 Re8 15. Bf4 c5 16. Ne2 Nh7 17. Ng3 Ng5 18. Qh5 Rb8 19. Bc4 Qf6 20. Bxg5 hxg5 21. e5 Rxe5 22. Rxe5 dxe5 23. Ne4 Qf4 24. Re1 Be8 25. Nxg5 Rd8 26. b3 Rd2 27. Qh7+ Kf8 28. Nf3 1-0

[Event "DEN-chT 1920 58th"]
[Site "Denmark"]
[Date "2020.02.23"]
[Round "7.4"]
[White "Berkes, Ferenc"]
[Black "Glud, Jakob Vang"]
[Result "1-0"]
[WhiteElo "2647"]
[BlackElo "2550"]
[PlyCount "91"]
[EventDate "2019.11.23"]
[EventType "team-tourn"]
[EventRounds "9"]
[EventCountry "DEN"]
[SourceTitle "EXT 2021"]
[Source "ChessBase"]
[SourceDate "2020.10.23"]
[SourceVersion "1"]
[SourceVersionDate "2020.10.23"]
[SourceQuality "1"]
[WhiteTeam "Koge Xtracon"]
[BlackTeam "Aarhus/Skolerne"]
[WhiteTeamCountry "DEN"]
[BlackTeamCountry "DEN"]

1. Nf3 d5 2. g3 c6 3. Bg2 Bg4 4. 0-0 Nd7 5. h3 Bh5 6. d4 e6 7. c4 Ngf6 8. cxd5 cxd5 9. Nc3 Be7 10. Qb3 Bxf3 11. Bxf3 Qb6 12. e4 dxe4 13. Nxe4 Nd5 14. Nc3 Qxb3 15. axb3 N7b6 16. Nxd5 Nxd5 17. Bxd5 exd5 18. Ra5 0-0 19. Rxd5 Rfd8 20. Rxd8+ Rxd8 21. Be3 f5 22. Rc1 Rd7 23. Kf1 g5 24. Ke2 f4 25. gxf4 gxf4 26. Bxf4 Rxd4 27. Be3 Rb4 28. Rc8+ Kf7 29. Rc7 Rb5 30. Bxa7 b6 31. Rb7 Rxb3 32. Rxb6 Rxh3 33. Rb7 Ke6 34. Be3 Rh1 35. b4 h5 36. b5 h4 37. Rb6+ Kf5 38. Rh6 Kg4 39. Re6 Bd8 40. Rg6+ Kf5 41. Rh6 Kg4 42. Rh8 Bf6 43. Rf8 Be7 44. Rf4+ Kh5 45. Rf7 Bd8 46. b6 1-0

[Event "DEN-chT 1920 58th"]
[Site "Denmark"]
[Date "2020.01.11"]
[Round "4.1"]
[White "Glud, Jakob Vang"]
[Black "Andersen, Mads"]
[Result "1/2-1/2"]
[WhiteElo "2550"]
[BlackElo "2601"]
[PlyCount "51"]
[EventDate "2019.11.23"]
[EventType "team-tourn"]
[EventRounds "9"]
[EventCountry "DEN"]
[SourceTitle "EXT 2022"]
[Source "ChessBase"]
[SourceDate "2021.10.06"]
[SourceVersion "1"]
[SourceVersionDate "2021.10.06"]
[SourceQuality "1"]
[WhiteTeam "Aarhus/Skolerne"]
[BlackTeam "Skanderborg Nordea"]
[WhiteTeamCountry "DEN"]
[BlackTeamCountry "DEN"]

1. Nf3 Nf6 2. g3 g6 3. Bg2 Bg7 4. c4 c6 5. d4 d5 6. cxd5 cxd5 7. 0-0 0-0 8. Ne5 b6 9. Nc3 Bb7 10. Bf4 Nc6 11. Rc1 Rc8 12. Qd2 e6 13. Bg5 Ne7 14. Rc2 Ne8 15. Bh6 Bxh6 16. Qxh6 Nd6 17. Rfc1 f6 18. Nf3 Nef5 19. Qd2 Ne4 20. Qd3 Nfd6 21. Bh3 Qd7 22. Nxe4 dxe4 23. Qb3 Nf5 24. Bxf5 Bd5 25. Qe3 exf3 26. Be4 1/2-1/2

[Event "DEN-chT 1819 57th"]
[Site "Denmark"]
[Date "2019.03.17"]
[Round "9.1"]
[White "Banusz, Tamas"]
[Black "Glud, Jakob Vang"]
[Result "1-0"]
[WhiteElo "2606"]
[BlackElo "2520"]
[PlyCount "93"]
[EventDate "2018.10.27"]
[EventType "team-tourn"]
[EventRounds "9"]
[EventCountry "DEN"]
[SourceTitle "CBM 189 Extra"]
[Source "ChessBase"]
[SourceDate "2019.06.03"]
[SourceVersion "1"]
[SourceVersionDate "2019.06.03"]
[SourceQuality "1"]
[WhiteTeam "Koge Xtracon"]
[BlackTeam "Aarhus/Skolerne"]
[WhiteTeamCountry "DEN"]
[BlackTeamCountry "DEN"]

1. Nf3 d5 2. g3 Bg4 3. Bg2 c6 4. 0-0 Nd7 5. d3 e6 6. c4 Bxf3 7. Bxf3 dxc4 8. d4 Ngf6 9. Nd2 Nb6 10. e3 Bb4 11. Qc2 Bxd2 12. Bxd2 0-0 13. a4 a5 14. b3 cxb3 15. Qxb3 Nfd7 16. Rab1 Re8 17. Rfd1 Qe7 18. e4 e5 19. Be3 Qb4 20. dxe5 Qxb3 21. Rxb3 Nc4 22. Rxd7 Nxe5 23. Rbxb7 Nxf3+ 24. Kg2 Ne5 25. Rdc7 Rac8 26. Bd4 Rxc7 27. Rxc7 g5 28. f4 gxf4 29. gxf4 Nd3 30. Kf3 h5 31. e5 Rd8 32. Bb6 Rb8 33. Rxc6 Nb2 34. Bxa5 Nxa4 35. Ke4 Rb5 36. Rc8+ Kh7 37. Bd8 Nc5+ 38. Kf5 Ne6 39. Bf6 Ng7+ 40. Bxg7 Kxg7 41. Rc3 Rb6 42. Rg3+ Kh6 43. h4 Ra6 44. Rd3 Kg7 45. Rd6 Ra8 46. Kg5 Rh8 47. Rd7 1-0

[Event "Bundesliga 1819"]
[Site "Germany"]
[Date "2019.03.03"]
[Round "11.4"]
[White "Glud, Jakob Vang"]
[Black "Edouard, Romain"]
[Result "1/2-1/2"]
[WhiteElo "2549"]
[BlackElo "2636"]
[PlyCount "44"]
[EventDate "2018.11.10"]
[EventType "team-tourn"]
[EventRounds "15"]
[EventCountry "GER"]
[SourceTitle "CBM 189 Extra"]
[Source "ChessBase"]
[SourceDate "2019.06.03"]
[SourceVersion "1"]
[SourceVersionDate "2019.06.03"]
[SourceQuality "1"]
[WhiteTeam "Kiel Turm"]
[BlackTeam "Werder Bremen"]
[WhiteTeamCountry "GER"]
[BlackTeamCountry "GER"]

1. c4 c5 2. g3 g6 3. Bg2 Bg7 4. Nc3 Nc6 5. Nf3 d6 6. 0-0 e6 7. a3 Nge7 8. b4 0-0 9. Rb1 b6 10. e3 d5 11. d4 cxd4 12. Nxd4 Bb7 13. Nxc6 Bxc6 14. cxd5 Nxd5 15. Nxd5 Bxd5 16. Bxd5 Qxd5 17. Qxd5 exd5 18. Rd1 Rfd8 19. Bb2 Rac8 20. Rd3 Rc2 21. Bxg7 Kxg7 22. Rbd1 Ra2 1/2-1/2

[Event "Bundesliga 1819"]
[Site "Germany"]
[Date "2019.03.01"]
[Round "9.2"]
[White "Glud, Jakob Vang"]
[Black "Kempinski, Robert"]
[Result "1/2-1/2"]
[WhiteElo "2549"]
[BlackElo "2574"]
[PlyCount "57"]
[EventDate "2018.11.10"]
[EventType "team-tourn"]
[EventRounds "15"]
[EventCountry "GER"]
[SourceTitle "CBM 189 Extra"]
[Source "ChessBase"]
[SourceDate "2019.06.03"]
[SourceVersion "1"]
[SourceVersionDate "2019.06.03"]
[SourceQuality "1"]
[WhiteTeam "Kiel Turm"]
[BlackTeam "Hamburger SK"]
[WhiteTeamCountry "GER"]
[BlackTeamCountry "GER"]

1. c4 b6 2. Nf3 Bb7 3. g3 c5 4. Bg2 Nf6 5. 0-0 g6 6. b3 Bg7 7. Bb2 0-0 8. Nc3 d5 9. d4 dxc4 10. dxc5 Qxd1 11. Rfxd1 cxb3 12. Nb5 Nbd7 13. cxb6 axb6 14. axb3 Rxa1 15. Rxa1 Ra8 16. Rxa8+ Bxa8 17. Ba3 Kf8 18. e3 Bd5 19. Nd2 Bxg2 20. Kxg2 Nd5 21. Ne4 Ne5 22. Kf1 Nc6 23. Ke2 Ke8 24. Kd3 Kd7 25. Nd2 Nc7 26. Nxc7 Kxc7 27. e4 b5 28. Bc5 Be5 29. Nf3 1/2-1/2

[Event "DEN-chT 1819 57th"]
[Site "Denmark"]
[Date "2019.02.24"]
[Round "7.2"]
[White "Glud, Jakob Vang"]
[Black "Andersen, Mads"]
[Result "1-0"]
[WhiteElo "2520"]
[BlackElo "2597"]
[PlyCount "115"]
[EventDate "2018.10.27"]
[EventType "team-tourn"]
[EventRounds "9"]
[EventCountry "DEN"]
[SourceTitle "CBM 189 Extra"]
[Source "ChessBase"]
[SourceDate "2019.06.03"]
[SourceVersion "1"]
[SourceVersionDate "2019.06.03"]
[SourceQuality "1"]
[WhiteTeam "Aarhus/Skolerne"]
[BlackTeam "Skanderborg Nordea"]
[WhiteTeamCountry "DEN"]
[BlackTeamCountry "DEN"]

1. c4 c6 2. d4 d5 3. cxd5 cxd5 4. Nf3 Nf6 5. Nc3 Nc6 6. Bf4 Bf5 7. Qb3 Na5 8. Qa4+ Bd7 9. Qc2 e6 10. e3 Be7 11. Bd3 0-0 12. 0-0 Rc8 13. Ne5 Nc6 14. Qe2 Qb6 15. Rac1 Nxe5 16. Bxe5 Bc6 17. Rc2 Qd8 18. Rfc1 Qd7 19. Qf3 b5 20. Qe2 a6 21. Nb1 Ne4 22. Nd2 Nxd2 23. Qxd2 Qb7 24. Qd1 g6 25. Qf3 f6 26. Bg3 Qb6 27. Qg4 Kf7 28. h4 Rg8 29. h5 a5 30. Qh3 f5 31. Be5 Bf6 32. Bxf6 Kxf6 33. Qh4+ Kf7 34. Qf4 Bd7 35. Qh6 Rxc2 36. Qxh7+ Rg7 37. hxg6+ Kf6 38. Qh4+ Kxg6 39. Rxc2 Qd6 40. f4 Rh7 41. Qg5+ Kf7 42. Rc5 Qb8 43. Be2 Rg7 44. Bh5+ Kg8 45. Qf6 a4 46. Kf2 Qb6 47. Qe5 b4 48. Qc7 Qxc7 49. Rxc7 Bb5 50. Rxg7+ Kxg7 51. a3 Kf6 52. axb4 Ke7 53. Kg3 Kd6 54. Kh4 Kc7 55. Kg5 Kb6 56. Kf6 Bf1 57. Bd1 Kb5 58. Kxe6 1-0

[Event "DEN-chT 1819 57th"]
[Site "Denmark"]
[Date "2019.01.13"]
[Round "6.3"]
[White "Hansen, Sune Berg"]
[Black "Glud, Jakob Vang"]
[Result "1/2-1/2"]
[WhiteElo "2581"]
[BlackElo "2520"]
[PlyCount "108"]
[EventDate "2018.10.27"]
[EventType "team-tourn"]
[EventRounds "9"]
[EventCountry "DEN"]
[SourceTitle "CBM 188 Extra"]
[Source "ChessBase"]
[SourceDate "2019.02.26"]
[SourceVersion "1"]
[SourceVersionDate "2019.02.26"]
[SourceQuality "1"]
[WhiteTeam "Hillerod"]
[BlackTeam "Aarhus/Skolerne"]
[WhiteTeamCountry "DEN"]
[BlackTeamCountry "DEN"]

1. e4 e5 2. Nf3 Nc6 3. Bb5 a6 4. Ba4 Nge7 5. c3 d6 6. d4 Bd7 7. Bb3 h6 8. Be3 g6 9. a4 Bg7 10. dxe5 Nxe5 11. 0-0 Nxf3+ 12. Qxf3 0-0 13. Bd4 Nc6 14. Bxg7 Kxg7 15. Nd2 Qg5 16. Qd1 Bh3 17. Qf3 Bxg2 18. Qxg2 Qxd2 19. f4 Qxg2+ 20. Kxg2 f5 21. Rae1 Rae8 22. exf5 Rxe1 23. Rxe1 Rxf5 24. Re8 Rf8 25. Re4 Rf5 26. Re8 Na5 27. Ba2 Rxf4 28. Re7+ Kf6 29. Rxc7 Rxa4 30. Bg8 b5 31. Rd7 Nc4 32. Bxc4 bxc4 33. Rxd6+ Kf5 34. Kg3 Ra2 35. Rb6 a5 36. Kf3 a4 37. Rb5+ Kf6 38. h4 a3 39. Rb6+ Kf7 40. Rb7+ Kf8 41. Rb8+ Ke7 42. Rb7+ Ke8 43. Rb8+ Kd7 44. bxa3 Rxa3 45. Rb7+ Kc6 46. Rg7 Rxc3+ 47. Kf4 Rd3 48. Rxg6+ Rd6 49. h5 Kd5 50. Rxd6+ Kxd6 51. Ke3 Ke5 52. Kd2 Kf5 53. Kc3 Kg4 54. Kxc4 Kxh5 1/2-1/2

[Event "Olympiad-43"]
[Site "Batumi"]
[Date "2018.10.05"]
[Round "11.1"]
[White "Glud, Jakob Vang"]
[Black "Iturrizaga Bonelli, Eduardo"]
[Result "1-0"]
[WhiteElo "2514"]
[BlackElo "2636"]
[PlyCount "73"]
[EventDate "2018.09.24"]
[EventType "team-swiss"]
[EventRounds "11"]
[EventCountry "GEO"]
[SourceTitle "CBM 187"]
[Source "ChessBase"]
[SourceDate "2018.12.11"]
[SourceVersion "1"]
[SourceVersionDate "2018.12.11"]
[SourceQuality "1"]
[WhiteTeam "Denmark"]
[BlackTeam "Venezuela"]
[WhiteTeamCountry "DEN"]
[BlackTeamCountry "VEN"]

1. c4 c5 2. g3 g6 3. Bg2 Bg7 4. Nc3 Nc6 5. Nf3 d6 6. 0-0 e6 7. b3 Nge7 8. Bb2 0-0 9. Rc1 a6 10. e3 Nf5 11. Qc2 b5 12. Nh4 Nfe7 13. d3 Rb8 14. Rfd1 f5 15. Nf3 e5 16. Qd2 h6 17. Ne2 Be6 18. h4 Bf7 19. Bh3 Qb6 20. Bc3 Rfd8 21. Qe1 d5 22. cxd5 Nxd5 23. h5 Nxc3 24. Nxc3 Nb4 25. Qe2 Qf6 26. Nh4 Be6 27. hxg6 Rd6 28. e4 f4 29. Bxe6+ Rxe6 30. Qg4 Rd8 31. a3 fxg3 32. fxg3 Nxd3 33. Rxd3 Rxd3 34. Rf1 Rxc3 35. Rxf6 Rxf6 36. Qc8+ Bf8 37. Kg2 1-0

[Event "Olympiad-43"]
[Site "Batumi"]
[Date "2018.09.26"]
[Round "3.30"]
[White "Gemy Vargas, Jose Daniel"]
[Black "Glud, Jakob Vang"]
[Result "1/2-1/2"]
[WhiteElo "2400"]
[BlackElo "2514"]
[PlyCount "68"]
[EventDate "2018.09.24"]
[EventType "team-swiss"]
[EventRounds "11"]
[EventCountry "GEO"]
[SourceTitle "CBM 187"]
[Source "ChessBase"]
[SourceDate "2018.12.11"]
[SourceVersion "1"]
[SourceVersionDate "2018.12.11"]
[SourceQuality "1"]
[WhiteTeam "Bolivia"]
[BlackTeam "Denmark"]
[WhiteTeamCountry "BOL"]
[BlackTeamCountry "DEN"]

1. e4 e5 2. Nf3 Nc6 3. Bc4 Bc5 4. 0-0 Nf6 5. d4 Bxd4 6. Nxd4 Nxd4 7. f4 d6 8. fxe5 dxe5 9. Bg5 Qe7 10. Na3 Rg8 11. Kh1 Bd7 12. Qe1 Ne6 13. Bh4 Bc6 14. Bd5 Bxd5 15. exd5 Nf4 16. Bxf6 gxf6 17. Qe4 Rg5 18. Rae1 Ng6 19. h4 Rh5 20. g3 Qd7 21. Kg1 0-0-0 22. Rxf6 Rg8 23. Kf2 Kb8 24. Qf3 Qd8 25. Rxf7 Rh6 26. h5 Ne7 27. Rxe5 Nc8 28. Nc4 Nd6 29. Nxd6 Qxd6 30. Ref5 Qc5+ 31. Kg2 Qxc2+ 32. Kh3 a5 33. Rf8+ Rxf8 34. Rxf8+ Ka7 1/2-1/2

[Event "Terre degli Elimi op 8th"]
[Site "Erice"]
[Date "2017.08.02"]
[Round "6"]
[White "Marin, Mihail"]
[Black "Glud, Jakob Vang"]
[Result "1/2-1/2"]
[WhiteElo "2529"]
[BlackElo "2521"]
[PlyCount "112"]
[EventDate "2017.07.28"]
[EventType "swiss"]
[EventRounds "9"]
[EventCountry "ITA"]
[SourceTitle "CBM 180"]
[Source "ChessBase"]
[SourceDate "2017.09.13"]
[SourceVersion "1"]
[SourceVersionDate "2017.09.13"]
[SourceQuality "1"]

1. d4 d5 2. c4 e6 3. Nf3 Nf6 4. g3 Bb4+ 5. Bd2 Be7 6. Bg2 0-0 7. 0-0 c6 8. Qc2 Nbd7 9. Rd1 b6 10. b3 a5 11. Bc3 Ba6 12. Nbd2 b5 13. e4 bxc4 14. bxc4 Nxe4 15. Nxe4 dxe4 16. Ne5 Nxe5 17. dxe5 Qb6 18. Qxe4 Rac8 19. Rab1 Qa7 20. Rd2 g6 21. h4 Qc5 22. Bf1 Rfd8 23. Rbd1 Rxd2 24. Rxd2 Qa3 25. Rd7 Bc5 26. Bd4 Bxd4 27. Qxd4 Rf8 28. Rd8 Qb4 29. h5 gxh5 30. Rd7 c5 31. Qe4 Qc3 32. Bd3 Qc1+ 33. Kg2 Qh6 34. Ra7 Bc8 35. Rxa5 Rd8 36. Ra7 Kg7 37. Qf3 Bd7 38. Be4 Qg5 39. Qf4 Qxf4 40. gxf4 Be8 41. f5 exf5 42. Bd5 Kg6 43. a4 Bd7 44. a5 Be6 45. Ra6 Kg5 46. Rd6 Bxd5+ 47. cxd5 Ra8 48. a6 Kf4 49. e6 Ke5 50. Rb6 fxe6 51. dxe6 Kf6 52. Kf3 c4 53. Rc6 c3 54. Kf4 c2 55. e7+ Kxe7 56. Kxf5 Rxa6 1/2-1/2

[Event "BL2-Nord 1617"]
[Site "Germany"]
[Date "2017.04.23"]
[Round "8.1"]
[White "Glud, Jakob Vang"]
[Black "Schneider, Ilja"]
[Result "1/2-1/2"]
[WhiteElo "2514"]
[BlackElo "2504"]
[PlyCount "87"]
[EventDate "2016.10.16"]
[EventType "team-tourn"]
[EventRounds "9"]
[EventCountry "GER"]
[SourceTitle "EXT 2018"]
[Source "ChessBase"]
[SourceDate "2017.10.13"]
[SourceVersion "1"]
[SourceVersionDate "2017.10.13"]
[SourceQuality "1"]
[WhiteTeam "Kiel Turm"]
[BlackTeam "Lister Turm"]
[WhiteTeamCountry "GER"]
[BlackTeamCountry "GER"]

1. c4 c6 2. Nf3 d5 3. g3 Nf6 4. Bg2 Bg4 5. cxd5 cxd5 6. Ne5 Bf5 7. 0-0 Nbd7 8. d4 e6 9. Nc3 Be7 10. Qb3 Qb6 11. Qxb6 Nxb6 12. a4 Nbd7 13. Bf4 Nxe5 14. dxe5 Nd7 15. e4 dxe4 16. Nxe4 Bxe4 17. Bxe4 0-0-0 18. Rfd1 Kb8 19. h4 h6 20. h5 Bg5 21. Bc2 Nb6 22. Bb3 Rxd1+ 23. Rxd1 Kc7 24. Kg2 Rd8 25. a5 Nc8 26. Rxd8 Kxd8 27. Bxg5+ hxg5 28. Kf3 Ne7 29. Ba4 Nf5 30. Ke4 Ke7 31. Bd1 Kd7 32. Kd3 Kc6 33. Kc4 b5+ 34. axb6 axb6 35. Bf3+ Kd7 36. Be4 Ne7 37. g4 Ng8 38. f3 Nh6 39. Bc2 f5 40. Bd1 fxg4 41. fxg4 Nf7 42. Kd4 Kc6 43. Ba4+ Kc7 44. Bd1 1/2-1/2

[Event "Marseille op 9th"]
[Site "Marseille"]
[Date "2016.12.30"]
[Round "9"]
[White "Glud, Jakob Vang"]
[Black "Lagarde, Maxime"]
[Result "0-1"]
[WhiteElo "2511"]
[BlackElo "2588"]
[PlyCount "128"]
[EventDate "2016.12.26"]
[EventType "swiss"]
[EventRounds "9"]
[EventCountry "FRA"]
[SourceTitle "CBM 176 Extra"]
[Source "ChessBase"]
[SourceDate "2017.03.02"]
[SourceVersion "1"]
[SourceVersionDate "2017.03.02"]
[SourceQuality "1"]

1. c4 f5 2. g3 g6 3. Bg2 Bg7 4. Nc3 Nf6 5. d3 0-0 6. e4 fxe4 7. dxe4 d6 8. Nge2 c5 9. 0-0 Nc6 10. h3 e5 11. Kh2 Be6 12. Nd5 Nh5 13. Qd3 Kh8 14. a3 Qd7 15. b4 cxb4 16. axb4 Bxd5 17. cxd5 Nxb4 18. Qb1 Na6 19. Be3 Nc5 20. Nc1 b6 21. Nd3 a5 22. Nxc5 bxc5 23. Qc2 Nf4 24. Rfb1 Nxg2 25. Kxg2 a4 26. Rb6 Ra7 27. Qb2 h5 28. Ra3 Kh7 29. Rc6 Rc8 30. Qb5 Rac7 31. Rxa4 Rxc6 32. dxc6 Qxc6 33. Qxc6 Rxc6 34. Kf1 Rc7 35. Ra8 Bh6 36. Bxh6 Kxh6 37. Rd8 Rc6 38. h4 Ra6 39. Ke2 Kg7 40. Ke3 Kf7 41. Rd7+ Kf6 42. Rd8 Ra3+ 43. Ke2 Ke7 44. Rg8 Ra4 45. Ke3 Kf7 46. Rd8 Rd4 47. Rd7+ Ke8 48. Ra7 c4 49. f3 Kd8 50. Ra3 Kc7 51. f4 Kb6 52. f5 gxf5 53. exf5 Rg4 54. Kf3 Kc5 55. Ra5+ Kd4 56. Ra6 e4+ 57. Kf2 Ke5 58. Ra5+ d5 59. Ra6 Kxf5 60. Rh6 Ke5 61. Rxh5+ Kd4 62. Rh8 Kd3 63. Rh5 d4 64. Rg5 e3+ 0-1

[Event "Marseille op 9th"]
[Site "Marseille"]
[Date "2016.12.27"]
[Round "3"]
[White "Glud, Jakob Vang"]
[Black "Mirzoev, Azer"]
[Result "1-0"]
[WhiteElo "2511"]
[BlackElo "2527"]
[PlyCount "97"]
[EventDate "2016.12.26"]
[EventType "swiss"]
[EventRounds "9"]
[EventCountry "FRA"]
[SourceTitle "CBM 176 Extra"]
[Source "ChessBase"]
[SourceDate "2017.03.02"]
[SourceVersion "1"]
[SourceVersionDate "2017.03.02"]
[SourceQuality "1"]

1. c4 e5 2. g3 Nf6 3. Bg2 c6 4. d4 e4 5. d5 Bb4+ 6. Bd2 Qe7 7. Nc3 0-0 8. a3 Bc5 9. e3 cxd5 10. Nxd5 Nxd5 11. cxd5 d6 12. Ne2 Nd7 13. Bc3 Ne5 14. Bxe5 Qxe5 15. Qd2 Bf5 16. 0-0 Rac8 17. Rac1 Bb6 18. h3 Rc5 19. Rxc5 dxc5 20. g4 Bg6 21. d6 f5 22. Nf4 Bf7 23. gxf5 Rd8 24. Qc2 Rxd6 25. Qxe4 Qxb2 26. Qxb7 Qf6 27. Nd5 Bxd5 28. Bxd5+ Kh8 29. Qf7 Rd8 30. Qxf6 gxf6 31. e4 Bc7 32. Kg2 Rb8 33. Rc1 Rb2 34. Kf3 Be5 35. Rg1 h6 36. Rg8+ Kh7 37. Ra8 Bb8 38. Ke3 h5 39. h4 Kh6 40. Kd3 Rb1 41. Kc4 Rc1+ 42. Kb5 Rh1 43. Kc6 Be5 44. f4 Bxf4 45. e5 Rb1 46. Rxa7 Bg3 47. e6 Re1 48. e7 Re5 49. Be6 1-0

[Event "Runavik op"]
[Site "Runavik"]
[Date "2016.11.27"]
[Round "9"]
[White "Glud, Jakob Vang"]
[Black "Hjartarson, Johann"]
[Result "1-0"]
[WhiteElo "2506"]
[BlackElo "2541"]
[PlyCount "51"]
[EventDate "2016.11.21"]
[EventType "swiss"]
[EventRounds "9"]
[EventCountry "FAI"]
[SourceTitle "CBM 175 Extra"]
[Source "ChessBase"]
[SourceDate "2016.12.12"]
[SourceVersion "1"]
[SourceVersionDate "2016.12.12"]
[SourceQuality "1"]

1. c4 e5 2. g3 Nf6 3. Bg2 Nc6 4. Nc3 Bc5 5. Nf3 d6 6. 0-0 0-0 7. e3 Re8 8. Qc2 h6 9. b3 a6 10. Bb2 Ba7 11. Nh4 Nd7 12. Nd5 Ne7 13. f4 c6 14. Nxe7+ Qxe7 15. Nf5 Qe6 16. Rf2 Nf8 17. fxe5 dxe5 18. Raf1 Bd7 19. Ba3 f6 20. Nxh6+ Kh8 21. Nf5 Bb8 22. Qe4 Nh7 23. Qh4 g6 24. Be4 Kg8 25. Qh6 Qf7 26. Nh4 1-0

[Event "Runavik op"]
[Site "Runavik"]
[Date "2016.11.26"]
[Round "8"]
[White "Simonsen, Hans Kristian"]
[Black "Glud, Jakob Vang"]
[Result "1/2-1/2"]
[WhiteElo "2148"]
[BlackElo "2506"]
[PlyCount "97"]
[EventDate "2016.11.21"]
[EventType "swiss"]
[EventRounds "9"]
[EventCountry "FAI"]
[SourceTitle "CBM 175 Extra"]
[Source "ChessBase"]
[SourceDate "2016.12.12"]
[SourceVersion "1"]
[SourceVersionDate "2016.12.12"]
[SourceQuality "1"]

1. d4 d5 2. c4 e6 3. Nf3 Nf6 4. g3 Bb4+ 5. Bd2 Bd6 6. Bg2 c6 7. 0-0 Ne4 8. Nc3 f5 9. Qc2 Nxd2 10. Qxd2 0-0 11. Ne5 Nd7 12. Nxd7 Bxd7 13. c5 Be7 14. b4 b6 15. f4 Bc8 16. e3 g5 17. Rfc1 Rf7 18. Nd1 a5 19. a3 gxf4 20. gxf4 Ba6 21. Nb2 Bf8 22. Na4 bxc5 23. bxc5 Rg7 24. Kh1 Raa7 25. Rg1 Bb5 26. Nc3 Bc4 27. Bf3 Rab7 28. Rxg7+ Bxg7 29. Na4 Bb5 30. Nb6 a4 31. Rg1 Qh4 32. Rg3 Kh8 33. Qg2 Bd3 34. Qd2 Bb5 35. Bd1 Qd8 36. Be2 Bxe2 37. Qxe2 Ra7 38. Rg1 Qh4 39. Rb1 e5 40. Nc8 Ra8 41. Nd6 exf4 42. Rg1 Rf8 43. exf4 Qxf4 44. Qe7 Qf3+ 45. Rg2 Qd1+ 46. Rg1 Qf3+ 47. Rg2 Qf1+ 48. Rg1 Qf3+ 49. Rg2 1/2-1/2

[Event "Copenhagen OeBRO 80th anniv"]
[Site "Copenhagen"]
[Date "2016.10.22"]
[Round "8"]
[White "Teplyi, Igor"]
[Black "Glud, Jakob Vang"]
[Result "1/2-1/2"]
[WhiteElo "2431"]
[BlackElo "2517"]
[PlyCount "75"]
[EventDate "2016.10.18"]
[EventType "swiss"]
[EventRounds "9"]
[EventCountry "DEN"]
[SourceTitle "CBM 175 Extra"]
[Source "ChessBase"]
[SourceDate "2016.12.12"]
[SourceVersion "1"]
[SourceVersionDate "2016.12.12"]
[SourceQuality "1"]

1. d4 d5 2. c4 c6 3. Nf3 Nf6 4. Nc3 a6 5. g3 g6 6. cxd5 cxd5 7. Bg2 Bg7 8. Ne5 0-0 9. 0-0 e6 10. Bg5 h6 11. Bf4 Nh5 12. Be3 Nd7 13. f4 Nhf6 14. Bf2 b5 15. b4 Nb6 16. a4 Bd7 17. a5 Nc4 18. e3 Qe7 19. Nd3 Bc6 20. Nc5 Nd7 21. Nd3 f5 22. Rb1 g5 23. Ne5 Ndxe5 24. dxe5 g4 25. Ne2 Rac8 26. Nd4 Bd7 27. Re1 Rc7 28. Rb3 h5 29. Bf1 Rfc8 30. Bd3 Bf8 31. h4 Qf7 32. Qe2 Be7 33. Ra1 Bf8 34. Rbb1 Be7 35. Ra2 Bf8 36. Raa1 Bg7 37. Ra2 Bf8 38. Raa1 1/2-1/2

[Event "DEN-ch rapid"]
[Site "Fredericia"]
[Date "2016.09.25"]
[Round "3"]
[White "Glud, Jakob Vang"]
[Black "Bjerre, Jonas Buhl"]
[Result "1-0"]
[WhiteElo "2514"]
[BlackElo "2079"]
[PlyCount "85"]
[EventDate "2016.09.25"]
[EventType "swiss (rapid)"]
[EventRounds "7"]
[EventCountry "DEN"]
[SourceTitle "EXT 2018"]
[Source "ChessBase"]
[SourceDate "2017.10.13"]
[SourceVersion "1"]
[SourceVersionDate "2017.10.13"]
[SourceQuality "1"]

1. c4 e5 2. g3 Nf6 3. Bg2 c6 4. d4 Bb4+ 5. Bd2 Bxd2+ 6. Qxd2 d6 7. Nc3 0-0 8. e3 Be6 9. b3 exd4 10. Qxd4 d5 11. cxd5 Nxd5 12. Nge2 Nxc3 13. Qxc3 Nd7 14. 0-0 Qf6 15. Qxf6 Nxf6 16. Nc3 Rfd8 17. Rfd1 Kf8 18. h3 Ke7 19. f4 Rxd1+ 20. Rxd1 Rd8 21. Rxd8 Kxd8 22. Kf2 h5 23. e4 g6 24. Ke3 Nd7 25. Ne2 c5 26. f5 gxf5 27. Nf4 fxe4 28. Kxe4 Nf6+ 29. Ke5 Ke7 30. Nxe6 fxe6 31. Bxb7 Nd7+ 32. Kf4 Kf6 33. Bf3 Kg6 34. Bc6 Nf8 35. Be8+ Kh6 36. Bf7 a6 37. a3 a5 38. a4 c4 39. bxc4 Nd7 40. Be8 e5+ 41. Kf5 e4 42. Kf4 Nb6 43. Bb5 1-0

[Event "Olympiad-42"]
[Site "Baku"]
[Date "2016.09.10"]
[Round "8.3"]
[White "Glud, Jakob Vang"]
[Black "Bilguun, Sumiya"]
[Result "1-0"]
[WhiteElo "2526"]
[BlackElo "2444"]
[PlyCount "83"]
[EventDate "2016.09.02"]
[EventType "team-swiss"]
[EventRounds "11"]
[EventCountry "AZE"]
[SourceTitle "CBM 175"]
[Source "ChessBase"]
[SourceDate "2016.11.10"]
[SourceVersion "1"]
[SourceVersionDate "2016.11.10"]
[SourceQuality "1"]
[WhiteTeam "Denmark"]
[BlackTeam "Mongolia"]
[WhiteTeamCountry "DEN"]
[BlackTeamCountry "MGL"]

1. c4 e6 2. g3 d5 3. Nf3 Nf6 4. Bg2 dxc4 5. Qa4+ Nbd7 6. Qxc4 a6 7. Qc2 Bd6 8. 0-0 0-0 9. d4 Qe7 10. Nbd2 e5 11. dxe5 Nxe5 12. Nxe5 Bxe5 13. Nc4 Bd4 14. e3 Bc5 15. a3 c6 16. b4 Ba7 17. Bb2 Bg4 18. Na5 Ne8 19. h3 Bh5 20. Qc3 f6 21. g4 Bg6 22. Rad1 Nd6 23. Nxb7 Nxb7 24. Qxc6 Nc5 25. bxc5 Rac8 26. Qxa6 Bxc5 27. a4 f5 28. Qb7 Rc7 29. Qd5+ Kh8 30. Qe5 fxg4 31. hxg4 Ra7 32. Rc1 Bd6 33. Qxe7 Bxe7 34. Bc6 h5 35. gxh5 Bxh5 36. Kg2 Ra5 37. f4 Rd8 38. Bd4 Bf6 39. Bb6 Rd2+ 40. Rf2 Rad5 41. Bxd5 Rxd5 42. Rc5 1-0